[Event "Plancoet op 2nd"]
[Site "Plancoet"]
[Date "2002.08.02"]
[Round "8.24"]
[White "Durand, Denis"]
[Black "Sierzputowski, Alexandre"]
[Result "0-1"]
[WhiteElo "1530"]
[BlackElo "1850"]
[PlyCount "74"]
[EventDate "2002.07.23"]
[EventType "swiss"]
[EventRounds "9"]
[EventCountry "FRA"]
[SourceTitle "EXT 2003"]
[Source "ChessBase"]
[SourceDate "2002.11.25"]
[SourceVersion "1"]
[SourceVersionDate "2002.11.25"]
[SourceQuality "1"]

1. e4 c5 2. c3 d5 3. exd5 Qxd5 4. d4 cxd4 5. cxd4 Nc6 6. Nf3 Bg4 7. Nc3 Qa5 8. Qb3 Bxf3 9. gxf3 Qb4 10. Qxb4 Nxb4 11. Bb5+ Kd8 12. Kd1 Nf6 13. Re1 e6 14. Bg5 Be7 15. Rc1 a6 16. Bf1 Rc8 17. a3 Nbd5 18. Bd2 Nxc3+ 19. Bxc3 Nd5 20. Ba5+ Kd7 21. Rxc8 Rxc8 22. Bd2 Bf6 23. Re4 Kd6 24. h3 Be7 25. Bg2 f5 26. Re1 Bf6 27. Be3 f4 28. Bc1 Bxd4 29. Re2 e5 30. h4 Rc7 31. h5 Nf6 32. Rd2 Ke7 33. a4 Nxh5 34. b4 g6 35. Re2 Kf6 36. Bh3 Ng7 37. Re4 g5 0-1

[Event "Agneaux St Lo U18 op 4th"]
[Site "Agneaux"]
[Date "2002.07.10"]
[Round "2"]
[White "Sierzputowski, Alexandre"]
[Black "Mourot, Felix"]
[Result "0-1"]
[WhiteElo "1850"]
[BlackElo "2057"]
[PlyCount "48"]
[EventDate "2002.07.09"]
[EventType "swiss"]
[EventRounds "9"]
[EventCountry "FRA"]
[SourceTitle "EXT 2003"]
[Source "ChessBase"]
[SourceDate "2002.11.25"]
[SourceVersion "1"]
[SourceVersionDate "2002.11.25"]
[SourceQuality "1"]

1. d4 c5 2. d5 Nf6 3. c4 b5 4. cxb5 a6 5. e3 e6 6. Nc3 Bb7 7. e4 exd5 8. exd5 Bd6 9. Bc4 0-0 10. Nge2 Re8 11. 0-0 Ne4 12. f4 axb5 13. Nxe4 Rxe4 14. Bd3 Re8 15. Ng3 c4 16. Be4 Na6 17. Qc2 g6 18. f5 Nb4 19. Qd2 Qh4 20. fxg6 hxg6 21. Qf2 Rxe4 22. Qxf7+ Kh8 23. Qxg6 Bc5+ 24. Kh1 Qxh2+ 0-1

[Event "FRA-chT4 0001"]
[Site "Bretagne"]
[Date "2000.10.15"]
[Round "1"]
[White "Sierzputowski, Alexandre"]
[Black "Barbier, Christophe"]
[Result "0-1"]
[WhiteElo "1510"]
[BlackElo "1820"]
[PlyCount "90"]
[EventDate "2000.10.??"]
[EventType "team-tourn"]
[EventRounds "7"]
[EventCountry "FRA"]
[SourceTitle "EXT 2005"]
[Source "ChessBase"]
[SourceDate "2004.11.15"]
[SourceVersion "1"]
[SourceVersionDate "2004.11.15"]
[SourceQuality "1"]

1. e4 c5 2. Nf3 Nc6 3. d4 cxd4 4. Nxd4 g6 5. Nc3 Bg7 6. Be3 Nf6 7. Be2 d5 8. exd5 Nxd5 9. Nxd5 Qxd5 10. Bf3 Qa5+ 11. c3 Ne5 12. Be2 0-0 13. 0-0 h6 14. Qd2 Kh7 15. h3 Rd8 16. Qc2 Bd7 17. f4 Nc6 18. Nxc6 Bxc6 19. Bf3 Bxf3 20. Rxf3 Rd5 21. a3 Rad8 22. Rff1 e6 23. Rfd1 a6 24. Rxd5 Qxd5 25. Re1 Qa2 26. Qb1 Qb3 27. Kf2 Rd5 28. Re2 Bxc3 29. Qc2 Qxc2 30. Rxc2 Ba5 31. b4 Bd8 32. Rc8 Rd7 33. Rc2 Kg7 34. Ke2 g5 35. Rc5 Bb6 36. Rc4 Bxe3 37. Kxe3 gxf4+ 38. Rxf4 Rd5 39. Rg4+ Rg5 40. Rxg5+ hxg5 41. Ke4 f6 42. g4 Kf7 43. a4 Ke7 44. b5 axb5 45. axb5 Kd6 0-1